PVC pipes for life - modern developments and design criteria , PVC-U, PVC-M and PVC-O

La tecnologa̕ de los materiales de tubera̕ y las necesidades del mercado se han combinado para avanzar en desarrollos en ahorros de materiales, al mismo tiempo que en mejoramiento de las propiedades de las tubera̕s. En este documento, se describe el aumento de las tensiones de diseǫ del material de...

Ausführliche Beschreibung

Gespeichert in:
Bibliographische Detailangaben
Weitere Verfasser: Osry M. A., DPI Plastics
Format: Buch
Sprache:Englisch
Schlagworte:
Online-Zugang:PVC pipes for life - modern developments and design criteria , PVC-U, PVC-M and PVC-O
Tags: Tag hinzufügen
Keine Tags, Fügen Sie den ersten Tag hinzu!

MARC

LEADER 00000nam a22000004a 4500
001 vpro2733
005 20201223000000.0
008 120905s2008 ck # g## #001 0#eng#d
020
022
040 |a CO-BoINGC 
041 0 |a eng 
245 1 0 |a PVC pipes for life - modern developments and design criteria , PVC-U, PVC-M and PVC-O 
246 |a Tubos de PVC para la vida - desarrollo modernos y criterios de diseǫ : PVC-U, PVC-M y PVC-O 
264 |a Bogot ̀(Colombia) :  |b Revista VirtualPRO,  |c 2008 
520 3 |a La tecnologa̕ de los materiales de tubera̕ y las necesidades del mercado se han combinado para avanzar en desarrollos en ahorros de materiales, al mismo tiempo que en mejoramiento de las propiedades de las tubera̕s. En este documento, se describe el aumento de las tensiones de diseǫ del material de tubera̕ de PVC de 10 a 32 MPa, y su correspondiente reduccin̤ en el grosor de la pared, as ̕como los factores de seguridad. Incluye una consideracin̤ de los conceptos de resistencia y rigidez cuando se aplican a criterios de diseǫ para tubera̕s de presin̤ de PVC-U, PVC-M y PVC-O. Al iniciar con los requerimientos estrictos de tubera̕s modificadas para la industria minera, estos desarrollos demuestran claramente la versatilidad y durabilidad del PVC. 
650 \ \ |a Tubera̕s 
650 \ \ |a Tubera̕s de pls̀tico 
650 \ \ |a Pls̀ticos 
650 \ \ |a Cloruro de polivinilo 
650 \ \ |a Policloruro de vinilo 
650 \ \ |a Piping 
650 \ \ |a Pipe plastic 
650 \ \ |a Plastics 
650 \ \ |a Polyvinyl chloroide 
650 \ \ |a Polyvinylchloride 
650 \ \ |a Materiales de tubera̕ 
650 \ \ |a Tubera̕s 
650 \ \ |a Tubera̕ de PVC 
650 \ \ |a Durabilidad del PVC 
650 \ \ |a Pipe materials 
650 \ \ |a Pipe 
650 \ \ |a PVC pipe 
650 \ \ |a PVC durability  
700 \ \ |a Osry M. A.  
700 \ \ |a DPI Plastics 
856 |z PVC pipes for life - modern developments and design criteria , PVC-U, PVC-M and PVC-O  |u https://virtualpro.unach.elogim.com/biblioteca/tubos-de-pvc-para-la-vida---desarrollo-modernos-y-criterios-de-diseno-pvc-u-pvc-m-y-pvc-o